[Event "RUS-chT rapid"]
[Site "Sochi"]
[Date "2019.10.18"]
[Round "1.4"]
[White "Remizov, Yaroslav"]
[Black "Izabakarov, Kamil"]
[Result "1-0"]
[WhiteElo "2394"]
[BlackElo "1918"]
[PlyCount "127"]
[EventDate "2019.10.18"]
[EventType "team-swiss (rapid)"]
[EventRounds "9"]
[EventCountry "RUS"]
[SourceTitle "CBM 192 Extra"]
[Source "Chessbase"]
[SourceDate "2019.11.06"]
[SourceVersion "1"]
[SourceVersionDate "2019.11.06"]
[SourceQuality "1"]
[WhiteTeam "South Ural Cheliabinsk"]
[BlackTeam "Moscow Law Faculty"]
[WhiteTeamCountry "RUS"]
[BlackTeamCountry "RUS"]

1. e4 e6 2. d4 d5 3. Nc3 Nf6 4. e5 Nfd7 5. f4 c5 6. Nf3 Nc6 7. Be3 a6 8. a3 b5 9. g3 Qb6 10. Bg2 f6 11. f5 cxd4 12. fxe6 dxe3 13. Nxd5 Qa7 14. exd7+ Bxd7 15. Qe2 fxe5 16. 0-0-0 Bc5 17. Ng5 0-0 18. Nxh7 Bf5 19. Nxf8 Rxf8 20. Rhf1 Nd4 21. Qxe3 Nxc2 22. Qxe5 Ne3 23. g4 Nxf1 24. Rxf1 Bg6 25. Rxf8+ Bxf8 26. Nf4 Bf7 27. Bd5 Qc5+ 28. Kb1 Qg1+ 29. Ka2 Qxg4 30. Bxf7+ Kxf7 31. Qd5+ Ke8 32. Qa8+ Kf7 33. Qd5+ Ke8 34. Qe5+ Be7 35. Qe4 Kf7 36. Qd5+ Ke8 37. Qg8+ Bf8 38. Nd3 Qc4+ 39. Qxc4 bxc4 40. Nf2 Bd6 41. h3 Ke7 42. Kb1 Ke6 43. Kc2 Kd5 44. Nd1 Bc5 45. Nc3+ Ke5 46. Nb1 Bd4 47. Nd2 Kf4 48. Nxc4 Kg3 49. Kd3 Bf6 50. Ke4 Kxh3 51. Kf5 Bd4 52. b4 Kh4 53. Kg6 Kg4 54. Na5 Kf4 55. Nc6 Bb2 56. a4 Ke4 57. Nb8 Kd5 58. Nxa6 Bc3 59. b5 Kc4 60. b6 Kb3 61. Kf5 Be1 62. b7 Bg3 63. Ke6 Kxa4 64. Kd7 1-0